000 00625cam a2200205ua 4500
001 6195
008 131126n ii |||gr||||Z||||||eng
040 _cMAIN
082 _a658.3
245 _aPersonnel Management :
_bPrinciples,practices and point of view /
_cBy Walter Dill Scot .
250 _a6th ed.
260 _aNew Delhi:
_bTata McGraw-Hill Publishing Company LTD,
_c1961.
300 _aviii,603p.
653 _aGeneral management
653 _aPersonnel Management
700 _aScot,Walter Dill,
_eAuthor.,
700 _aClothier,Robert C.,
_eAuthor.,
700 _aSpriegel,William R.,
_eAuthor.
942 _cBK
999 _c5347
_d5347